Gaming Quiz

Random Gaming or Nintendo Quiz

Zelda Dungeon Medley Quiz Stats

 Plays Quiz not verified by Sporcle

Also try: Zelda Music Medley
Challenge
Share
Tweet
Score 0/70 Timer 18:00
0 Plays Today
# Dungeon % Correct
1Forest Temple
96%
2Snowpeak Ruins
62.9%
7Forsaken Fortress
60.7%
5Temple of Time
54.5%
23Spirit Temple
53.5%
45Shadow Temple
52.5%
10Inside Jabu-Jabu's Belly
50.8%
12Snowhead Temple
50.5%
34Stone Tower Temple
50.1%
70Water Temple
49.6%
64Hyrule Castle
48.9%
4Lanayru Mining Facility
48.1%
38Goron Mines
47.5%
57Inside the Deku Tree
46.7%
14Skyview Temple
46.2%
63City in the Sky
46.2%
52Woodfall Temple
45.4%
68Great Bay Temple
42.8%
21Lakebed Temple
42.2%
40Fire Temple
41.2%
25*Palace of Darkness, Swamp Palace, Skull Woods, Thieves' Town, Ice Palace, Misery Mire, Turtle Rock
40.8%
18Wind Temple
39.8%
43*Eastern Palace, Desert Palace, Tower of Hera
38.6%
42Ancient Cistern
37.1%
69Earth Temple
36.5%
29Forbidden Woods
35.6%
59Sandship
35.2%
17*Parapa Palace, Midoro Palace, Island Palace, Maze Island Palace, Palace on the Sea, Three Eye Rock Palace
35.1%
35Fire Sanctuary
34.7%
28Palace of Twilight
33.9%
55Forest Temple
32.9%
61Earth Temple
32.4%
27Temple of Droplets
32.3%
36Tower of the Gods
32%
33Dodongo's Cavern
31.4%
# Dungeon % Correct
48Arbiter's Grounds
30.8%
44*Temple of Fire, Temple of Wind, Temple of Courage, Ghost Ship, Goron Temple, Temple of Ice, Mutoh's Temple, Temple of the Ocean King
29.4%
30Tower of Spirits
28.8%
54*Eagle Labyrinth, Moon Labyrinth, Manji Labyrinth, Snake Labyrinth, Lizard Labyrinth, Dragon Labyrinth, Demon Labyrinth, Lion Labyrinth
27%
53Dragon Roost Cavern
26.8%
3Face Shrine
26.5%
15*Forest Temple, Snow Temple, Ocean Temple
25.9%
11Deepwood Shrine
25%
47Palace of Winds
25%
19Dancing Dragon Dungeon
24.4%
24Tail Cave
24.3%
60*Fire Temple, Sand Temple
22.8%
49Angler's Tunnel
22.7%
32Eagle's Tower
22.5%
9Key Cavern
22.2%
6Snake's Remains
21.8%
8Skull Dungeon
21.7%
58Sword & Shield Maze
21.4%
22Fortress of Winds
21.3%
39Bottle Grotto
20.4%
65Cave of Flames
20%
50Turtle Rock
19.9%
20Mermaid's Cave
19.5%
16Spirit's Grave
17.9%
13Explorer's Crypt
17.6%
26Moonlit Grotto
17.6%
67Catfish's Maw
17.6%
51Crown Dungeon
17.3%
46Gnarled Root Dungeon
16.8%
31Unicorn's Cave
16.7%
37Jabu-Jabu's Belly
16.6%
62Wing Dungeon
16.5%
56Ancient Tomb
16%
66Ancient Ruins
15.8%
41Poison Moth's Lair
14.8%

You're not logged in!

Compare scores with friends on all Sporcle quizzes.
Join for Free
OR
Log In

You Might Also Like...

Show Comments

Extras

Top Quizzes Today


Score Distribution

Your Account Isn't Verified!

In order to create a playlist on Sporcle, you need to verify the email address you used during registration. Go to your Sporcle Settings to finish the process.

Report this User

Report this user for behavior that violates our Community Guidelines.

Details: